Emlyn's moon / (Record no. 1243)

MARC details
000 -LEADER
fixed length control field 01062cam a2200289 a 4500
005 - DATE AND TIME OF LATEST TRANSACTION
control field 20231211141029.0
020 ## - INTERNATIONAL STANDARD BOOK NUMBER
International Standard Book Number 9780439846769
020 ## - INTERNATIONAL STANDARD BOOK NUMBER
International Standard Book Number 0439846765
040 ## - CATALOGING SOURCE
Original cataloging agency DLC
Transcribing agency DLC
Modifying agency DLC
Language of cataloging eng
050 00 - LIBRARY OF CONGRESS CALL NUMBER
Classification number PZ7.N5897
Item number Eml 2007
082 00 - DEWEY DECIMAL CLASSIFICATION NUMBER
Classification number [Fic]
Edition number 22
100 1# - MAIN ENTRY--PERSONAL NAME
Personal name Nimmo, Jenny
245 10 - TITLE STATEMENT
Title Emlyn's moon /
Statement of responsibility, etc. Jenny Nimmo.
260 ## - PUBLICATION, DISTRIBUTION, ETC.
Place of publication, distribution, etc. New York :
Name of publisher, distributor, etc. Scholastic,
Date of publication, distribution, etc. 2008.
300 ## - PHYSICAL DESCRIPTION
Extent 152 pages :
Dimensions 20 cm.
490 1# - SERIES STATEMENT
Series statement The magician trilogy ;
Volume/sequential designation Book 2
500 ## - GENERAL NOTE
General note First published: Great Britain : Egmont Books, 1986. 1st American edition published under the title, Orchard of the crescent moon: New York : Dutton, 1989.
500 ## - GENERAL NOTE
General note Sequel to: The snow spider.
505 ## - FORMATTED CONTENTS NOTE
Formatted contents note R <br/>
520 ## - SUMMARY, ETC.
Summary, etc. Nia, the middle girl in a large Welsh family, discovers her own special artistic talent as she uncovers the dark secret shared by the Llewelyn and Griffiths families.
521 ## - TARGET AUDIENCE NOTE
Target audience note 750 <br/>
Source Lexile <br/>
521 ## - TARGET AUDIENCE NOTE
Target audience note R <br/>
Source Raz-Plus <br/>
650 #1 - SUBJECT ADDED ENTRY--TOPICAL TERM
Topical term or geographic name entry element Magic
Form subdivision Fiction.
906 ## - LOCAL DATA ELEMENT F, LDF (RLIN)
a 7
b cbc
c orignew
d 1
e ecip
f 20
g y-gencatlg
942 ## - ADDED ENTRY ELEMENTS (KOHA)
Source of classification or shelving scheme Dewey Decimal Classification
Koha item type Books
Suppress in OPAC No
999 ## -
-- 1243
-- 1243
Holdings
Withdrawn status Lost status Source of classification or shelving scheme Damaged status Not for loan Collection Home library Current library Shelving location Date acquired Total Checkouts Full call number Barcode Date last seen Copy number Price effective from Koha item type
    Dewey Decimal Classification     Fiction Footprints International School Library Network Toul Kork Campus Footprints International School Library Network Toul Kork Campus   08/09/2023   NIM Fic PZ7.N5897 FISSE00189 08/09/2023 1 08/09/2023 Books
    Dewey Decimal Classification     Fiction Footprints International School Library Network Toul Kork Campus Footprints International School Library Network Toul Kork Campus   08/09/2023   NIM Fic PZ7.N5897 FISTK05453 10/04/2023 2 08/09/2023 Books